000 00702nam a2200205 4500
999 _c2714
_d2714
001 3353
005 20200701103227.0
008 200701b ||||| |||| 00| 0 eng d
020 0 0 _a9789993615125
090 0 0 _a394.26 D999g 2011
110 _aDzongkha Development Commission.
245 0 0 _aགཞུང་འབྲེལ་དུས་ཆེན་ངལ་གསོའི་རྣམ་བཤད།
_cDzongkha Development Commission.
246 _a[Zung del dhe-che ngyelsho namshad].
250 0 0 _a1st edition.
260 0 0 _aThimphu :
_bDzongkha Development Commission,
_c2011.
300 0 0 _a74 p.
650 0 0 _aHolidays --Bhutan.
650 0 0 _aHolidays --Dictionaries.
942 _2ddc
_cDZONGKHA